| 000 | 00350nam a2200121Ia 4500 | ||
|---|---|---|---|
| 008 | 180219s9999 xx 000 0 und d | ||
| 020 | _a9789719808770 | ||
| 100 | _aRodriguez, Maria Teresa T. | ||
| 245 | _aReview handbook in diagnostic bacteriology / | ||
| 250 | _a2nd ed | ||
| 260 |
_aquezon City : _bC & E publishing _c2018 |
||
| 300 | _av, 399 pages | ||
| 999 |
_c356012 _d356012 |
||